000 00634nam a2200217 i 4500
003 DO-SdBNP
005 20240910095426.0
007 ta
008 240910s1970 dr 000 j spa d
040 _aDO-SdBNP
_bspa
_cBNPHU
_erda
082 _bC322
_222
245 0 0 _aCartas de un amigo yanqui :
_ba un joven dominicano /
264 1 _a[Santo Domingo] :
_b[editor no identificado],
_c[1970].
300 _a[40] páginas,
_c18 cm.
336 _2rdacontent
_atexto
_btxt
337 _2rdamedia
_asin mediación
_bn
338 _2rdacarrier
_avolumen
_bnc
590 _aInventariado, 2024/ YL
910 _aYLockward
942 _2ddc
_cLF2
999 _c57664
_d57664